Bauhaus effects in art, architecture and design / (Record no. 31158)

MARC details
000 -LEADER
fixed length control field 03059cam a2200325 i 4500
001 - CONTROL NUMBER
control field on1285916822
003 - CONTROL NUMBER IDENTIFIER
control field EG-ScBUE
005 - DATE AND TIME OF LATEST TRANSACTION
control field 20260405113720.0
008 - FIXED-LENGTH DATA ELEMENTS--GENERAL INFORMATION
fixed length control field 211213s2022 nyua f b 001 0 eng d
020 ## - INTERNATIONAL STANDARD BOOK NUMBER
International Standard Book Number 9781032214689
035 ## - SYSTEM CONTROL NUMBER
System control number (OCoLC)1285916822
Canceled/invalid control number (OCoLC)1285772865
-- (OCoLC)1285871143
-- (OCoLC)1285887565
040 ## - CATALOGING SOURCE
Original cataloging agency DLC
Language of cataloging eng
Description conventions rda
Transcribing agency DLC
Modifying agency OCLCF
-- OCLCO
-- BDX
-- UKMGB
-- YDX
-- GSU
-- EG-ScBUE
082 04 - DEWEY DECIMAL CLASSIFICATION NUMBER
Classification number 709.04
Edition number 22
Item number BAU
245 00 - TITLE STATEMENT
Title Bauhaus effects in art, architecture and design /
Statement of responsibility, etc edited by Kathleen James-Chakraborty and Sabine T. Kriebel.
264 #1 - PUBLICATION, DISTRIBUTION, ETC. (IMPRINT)
Place of publication, distribution, etc New York :
Name of publisher, distributor, etc Routledge, Taylor & Francis Group,
Date of publication, distribution, etc 2022.
300 ## - PHYSICAL DESCRIPTION
Extent xiii, 198 pages :
Other physical details illustrations (some color) ;
Dimensions 26 cm.
336 ## - CONTENT TYPE
Content type term text
Content type code txt
Source rdacontent
337 ## - MEDIA TYPE
Media type term unmediated
Media type code n
Source rdamedia
338 ## - CARRIER TYPE
Carrier type term volume
Carrier type code nc
Source rdacarrier
490 0# - SERIES STATEMENT
Series statement Routledge research in art history
504 ## - BIBLIOGRAPHY, ETC. NOTE
Bibliography, etc Includes bibliographical references and index.
505 00 - FORMATTED CONTENTS NOTE
Title Bauhaus Housing /
Statement of responsibility Kathleen James-Chakraborty --
Title New Typography, the Bauhaus, and its impact on graphic design /
Statement of responsibility Patrick Rössler --
Title Bauhaus Effects: Florence Henri and Modernist Photography in Paris /
Statement of responsibility Sabine T. Kriebel --
Title The Bauhaus and the Fundamentals of Window Display /
Statement of responsibility Kerry Meakin --
Title A Discreet Succession: the Bauhaus and Industrial Design Education in the German Democratic Republic /
Statement of responsibility Katharina Pfützner --
Title The Bauhaus and the Republic of Ireland /
Statement of responsibility Kathleen James-Chakraborty --
Title Space Time and the Bauhaus /
Statement of responsibility Dietrich Neumann --
Title Bauhaus Specters and Blueprint Illuminations: Josef Albers and Robert Rauschenberg /
Statement of responsibility Vanessa S. Troiano --
Title The Bauhaus in Britain, the Swinging Sixties and Vidal Sassoon /
Statement of responsibility Mariana Meneses Romero --
Title Paul Klee's Pedagogy and Computational Processing /
Statement of responsibility Ingrid Mayrhofer-Hufnagl.
520 ## - SUMMARY, ETC.
Summary, etc "Bringing together an international team of scholars, this book offers new perspectives on the impact that the Bauhaus and its teaching had on a wide range of artistic practices. Three of the fields in which the Bauhaus generated immediately transformative effects were housing, typography, and photography. Contributors go further to chart the surprising relation of the school to contemporary developments in hair-styling and shop window display in unprecedented detail. New scholarship has detailed the degree to which Bauhaus faculty and students set off around the world, but it has seldom paid attention to its impact in communist East Germany or in countries like Ireland where no Bauhäusler settled. This wide-ranging collection makes clear that, a century after its founding, many new stories remain to be told about the influence of the twentieth century's most innovative arts institution. The book will be of interest to scholars working in art history, design history, photography and architectural history"--
Assigning source Provided by publisher.
610 27 - SUBJECT ADDED ENTRY--CORPORATE NAME
Corporate name or jurisdiction name as entry element Bauhaus
General subdivision Influence.
Source of heading or term BUEsh
653 ## - INDEX TERM--UNCONTROLLED
Arrived date list April2026
Resource For college Arts and Design
655 ## - INDEX TERM--GENRE/FORM
Form subdivision Reading book
700 1# - ADDED ENTRY--PERSONAL NAME
Personal name James-Chakraborty, Kathleen,
Dates associated with a name 1960-
Relator term editor.
700 1# - ADDED ENTRY--PERSONAL NAME
Personal name Kriebel, Sabine,
Relator term editor.
942 ## - ADDED ENTRY ELEMENTS (KOHA)
Source of classification or shelving scheme Dewey Decimal Classification
Koha item type Book - Borrowing
Holdings
Withdrawn status Lost status Source of classification or shelving scheme Damaged status Not for loan Collection code Home library Current library Shelving location Date acquired Source of acquisition Cost, normal purchase price Serial Enumeration / chronology Total Checkouts Full call number Barcode Date last seen Cost, replacement price Price effective from Koha item type
    Dewey Decimal Classification     Baccah Central Library Central Library Second Floor 05/04/2026 Purchase 3046.00 40179   709.04 BAU 000057567 05/04/2026 3807.50 05/04/2026 Book - Borrowing